ARRUPE JESUIT UNIVERSITY

CORONAVIRUS -STOP THE SPREAD - CLEAN,DISINFECT,COVER

How to study (Record no. 9149)

MARC details
000 -LEADER
fixed length control field 00685nam a2200229Ia 4500
003 - CONTROL NUMBER IDENTIFIER
control field 0100
008 - FIXED-LENGTH DATA ELEMENTS--GENERAL INFORMATION
fixed length control field 130303s9999 xx 000 0 und d
040 ## - CATALOGING SOURCE
Transcribing agency ARRUPELIB
050 ## - LIBRARY OF CONGRESS CALL NUMBER
Classification number LB1049.H83 1999
100 ## - MAIN ENTRY--PERSONAL NAME
Personal name Communication staff of Africa University
245 ## - TITLE STATEMENT
Title How to study
245 ## - TITLE STATEMENT
Remainder of title communication skills for beginning college and university students
260 ## - PUBLICATION, DISTRIBUTION, ETC. (IMPRINT)
Place of publication, distribution, etc Mutare, Zimbabwe
260 ## - PUBLICATION, DISTRIBUTION, ETC. (IMPRINT)
Name of publisher, distributor, etc Africa University Press
260 ## - PUBLICATION, DISTRIBUTION, ETC. (IMPRINT)
-- 1999
300 ## - PHYSICAL DESCRIPTION
Extent 95p. 21cm
650 ## - SUBJECT ADDED ENTRY--TOPICAL TERM
Topical term following geographic name as entry element Asia - Religion - Dictionaries
650 ## - SUBJECT ADDED ENTRY--TOPICAL TERM
Location of event Religions - Dictionaries
650 ## - SUBJECT ADDED ENTRY--TOPICAL TERM
Active dates Philosophy, Oriental - Dictionaries
700 ## - ADDED ENTRY--PERSONAL NAME
Personal name Communication staff of Africa University
942 00 - ADDED ENTRY ELEMENTS (KOHA)
Koha issues (borrowed), all copies 1
Holdings
Withdrawn status Lost status Source of classification or shelving scheme Damaged status Not for loan Collection code Home library Current library Shelving location Date acquired Total Checkouts Full call number Barcode Checked out Date last seen Date checked out Copy number Price effective from Koha item type
    Library of Congress Classification     Main Collection ARRUPE LIBRARY ARRUPE LIBRARY   04/03/2013 2 LB1049.H83 1999 46003051385 12/07/2017 28/06/2017 28/06/2017 1 04/03/2013 Monograph ( Printed materials)

 

Arrupe Library. PO Box MP320 Mt Pleasant, Harare, Zimbabwe
263 242 745411|librarian@aju.ac.zw